000 00731nam a2200253Ia 4500
003 OSt
005 20220927110657.0
006 a|||||r|||| 00| 0
007 ta
008 220926b |||||||| |||| 00| 0 eng d
024 _a115188
037 _cReports
040 _aRTL
_cRTL
_beng
041 _2eng
_aeng
082 _a"L:5712.211.N47t, H7"
110 _aMadras Water-Supply and dranage (committee) (1947)
_9379740
245 0 _aReport
260 _aMadras
_bSupted Govt. Press
_c1947
300 _a115p.
_ccm.
650 _aMedicine
700 _aMadras Water-Supply and dranage (committee) (1947)
_9379741
942 _h"L:5712.211.N47t, H7"
_cCC
999 _c697611
_d697611